|
|
|
|
| LEADER |
00000nam0a2200000 4500 |
| 001 |
232609 |
| 005 |
20231031203353.0 |
| 010 |
|
|
|a 9785227029072
|
| 035 |
|
|
|a (RuTPU)RU\TPU\book\253662
|
| 090 |
|
|
|a 232609
|
| 100 |
|
|
|a 20130215d2011 m y0rusy50 ca
|
| 101 |
0 |
|
|a rus
|
| 102 |
|
|
|a RU
|
| 105 |
|
|
|a y z 000ay
|
| 200 |
1 |
|
|a Корсар. Наваждение
|e роман
|f П. В. Катериничев
|
| 210 |
|
|
|a Москва
|c Центрполиграф
|d 2011
|
| 215 |
|
|
|a 383 с.
|c ил.
|
| 330 |
|
|
|a Однажды утром писатель Дмитрий Корсар отправился в Дом книги на презентацию своей только что вышедшей книги «Грибница». Но в магазине его не ждали, да и книгу сперва не нашли. А потом выяснилось, что книга есть, но называется она «Гробница». Пока Корсар выяснял, в чем дело, по телевизору, установленному в торговом зале, объявили, что «...только что погиб известный культуролог и аналитик по проблемам древних и загадочных культур и цивилизаций Дмитрий Корсар...», и показали прикрытое простыней тело...
|
| 606 |
1 |
|
|a Русская литература
|2 stltpush
|3 (RuTPU)RU\TPU\subj\26373
|
| 610 |
1 |
|
|a романы
|
| 610 |
1 |
|
|a детективы
|
| 610 |
1 |
|
|a приключения
|
| 675 |
|
|
|a Р2
|v 3
|
| 700 |
|
1 |
|a Катериничев
|b П. В.
|g Петр Владимирович
|
| 801 |
|
1 |
|a RU
|b 63413507
|c 20130215
|
| 801 |
|
2 |
|a RU
|b 63413507
|c 20130219
|g RCR
|
| 942 |
|
|
|c BK
|